000 00359nam a2200133Ia 4500
008 240624s9999 xx 000 0 und d
041 _aeng
082 _a658.155 COY
100 _aCOYLE BRIAN
245 _aINTRODUCTION TO INTEREST RATE RISK
260 _c2001
_aUnited Kingdom
_bFinancial World Publishing
300 _a138 : p. : cm. ; 23
365 _cRS
_b25
999 _c23578
_d23578